00625nam a2200193Ia 4500003000900000008004100009020001800050040001600068080001200084100002300096245008800119260003900207300001600246650001800262650004100280942000700321999001500328952008800343IN-BaIIA211028s9999 xx 000 0 eng d a0-7167-0521-4 cIIA Library a52bKIN aKing, Ivan R99749 4aThe universe unfoldingcIvan R King  aSan FranciscobW. H. Freemanc1976 aviii, 504p. aAstronomy980 aAstronomy and Astrophysics Thesaurus cBK c8890d8890 00104070aBANbBANcGENd1986-10-29l0o52/ KINp9774r2021-11-05w1986-10-29yBK